00739nam a22002177i 4500003000400000005001700004008004100021020002200062040002600084100004400110240002900154245008200183250001200265260003400277300001800311490002500329500004800354600003300402700003200435700005400467OSt20250819082237.0250814s2018 sp ||||| |||| 00| 0bspa d a978-84-16291-65-6 cBiblioteca de ejemplo1 aDesbordes, Michèled1940-2006eAutora13aLa robe bleuelespañol13aEl vestido azulb: c/ Michèle Desbordes ; traducción de David M. Copé  a1ª ed. aCáceresbPeriféricac2018 a146 p.c21 cm0 aLargo recorridov126 aColaboración de Elena García Cañibano10aClaudel, Camille d1864-19431 aCopé, David M.etraductor aGarcía Cañibano, Elenad(1977-)ecolaboradora